The dissemination procedure of systematic land registration process in sangkat kouk chak, krang siem reap, siem reap province; ការផ្សព្វផ្សាយពីនីតិវិធីនៃការចុះបញ្ជីដីធ្លីមានលក្ខណៈជាប្រព័ន្ធក្នុងសង្កាត់គោកចក ក្រុងសៀមរាប ខេត្តសៀមរាប (Record no. 8346)
[ view plain ]
| 000 -LEADER | |
|---|---|
| fixed length control field | 00839nam a22001577a 4500 |
| 003 - CONTROL NUMBER IDENTIFIER | |
| control field | OSt |
| 005 - DATE AND TIME OF LATEST TRANSACTION | |
| control field | 20160705103612.0 |
| 008 - FIXED-LENGTH DATA ELEMENTS--GENERAL INFORMATION | |
| fixed length control field | 160705b xxu||||| |||| 00| 0 eng d |
| 040 ## - CATALOGING SOURCE | |
| Transcribing agency | RUA |
| 082 ## - DEWEY DECIMAL CLASSIFICATION NUMBER | |
| Classification number | LMA THO 2015 B498 Or.1 |
| 100 ## - MAIN ENTRY--PERSONAL NAME | |
| 9 (RLIN) | 8702 |
| Personal name | THON PANHAVATEY; ថោន បញ្ញាវត្តី |
| 245 ## - TITLE STATEMENT | |
| Title | The dissemination procedure of systematic land registration process in sangkat kouk chak, krang siem reap, siem reap province; ការផ្សព្វផ្សាយពីនីតិវិធីនៃការចុះបញ្ជីដីធ្លីមានលក្ខណៈជាប្រព័ន្ធក្នុងសង្កាត់គោកចក ក្រុងសៀមរាប ខេត្តសៀមរាប |
| 260 ## - PUBLICATION, DISTRIBUTION, ETC. (IMPRINT) | |
| Place of publication, distribution, etc. | Phnom Penh |
| Name of publisher, distributor, etc. | RUA |
| Date of publication, distribution, etc. | 2015 |
| 300 ## - PHYSICAL DESCRIPTION | |
| Extent | xi;56p. |
| Other physical details | ill. |
| Dimensions | 29cm. |
| 942 ## - ADDED ENTRY ELEMENTS (KOHA) | |
| Source of classification or shelving scheme | |
| Koha item type | LMA |
| Price effective from | Date last seen | Permanent Location | Not for loan | Date acquired | Source of classification or shelving scheme | Koha item type | Lost status | Withdrawn status | Date last checked out | Total Checkouts | Shelving location | Damaged status | Barcode | Current Location | Full call number |
|---|---|---|---|---|---|---|---|---|---|---|---|---|---|---|---|
| 2016-07-05 | 2025-02-14 | Library Block B | 2016-07-05 | LMA | 2025-02-10 | 1 | B498 | RUA058333 | Library Block B | LMA THO 2015 B498 Or.1 | |||||
| 2016-07-05 | 2025-08-09 | Library Block B | 2016-07-05 | LMA | 2025-04-29 | 2 | B498 | RUA058391 | Library Block B | LMA THO 2015 B498 Or.2 | |||||
| 2016-07-05 | 2022-01-25 | Library Block B | 2016-07-05 | LMA | 2021-12-14 | 1 | B498 | RUA058331 | Library Block B | LMA THO 2015 B498 Or.3 | |||||
| 2016-07-05 | 2016-07-05 | Library Block B | 2016-07-05 | LMA | B498 | RUA058271 | Library Block B | LMA THO 2015 B498 Or.4 | |||||||
| 2016-07-05 | 2025-04-07 | Library Block B | 2016-07-05 | LMA | 2025-03-31 | 1 | B498 | RUA059450 | Library Block B | LMA THO 2015 B498 Or.5 | |||||
| 2016-07-05 | 2018-07-09 | Library Block B | 2016-07-05 | LMA | 2018-06-25 | 4 | B498 | RUA057055 | Library Block B | LMA THO 2015 B498 Or.6 | |||||
| 2016-07-05 | 2024-07-12 | Library Block B | 2016-07-05 | LMA | 2024-06-21 | 1 | B498 | RUA058091 | Library Block B | LMA THO 2015 B498 Or.7 | |||||
| 2016-07-05 | 2025-08-05 | Library Block B | 2016-07-05 | LMA | 2025-06-27 | 3 | B498 | RUA058090 | Library Block B | LMA THO 2015 B498 Or.8 |